Management Science: (Record no. 199073)
[ view plain ]
| 000 -LEADER | |
|---|---|
| fixed length control field | 00686nam a22001937a 4500 |
| 005 - DATE AND TIME OF LATEST TRANSACTION | |
| control field | 20231114163131.0 |
| 010 ## - LCCN (DPL NO) | |
| LC control number | ENG-138369 |
| 020 ## - INTERNATIONAL STANDARD BOOK NUMBER | |
| International Standard Book Number | 9789355325082 |
| Terms of availability | 995.00 |
| 035 ## - SYSTEM CONTROL NUMBER | |
| System control number | EN-121901 |
| 037 ## - SOURCE OF ACQUISITION | |
| Source of stock number/acquisition | DBAD/PUB |
| 082 ## - DEWEY DECIMAL CLASSIFICATION NUMBER | |
| Classification number | 658.4032 |
| 100 ## - MAIN ENTRY--PERSONAL NAME | |
| Personal name | Hillier, Frederick S. |
| 245 ## - TITLE STATEMENT | |
| Title | Management Science: |
| Remainder of title | A Modeling And Case Studies Approach With Spreadsheets/ |
| Statement of responsibility, etc | By Frederick S. Hillier; Mark S. Hillier |
| 260 ## - PUBLICATION, DISTRIBUTION, ETC. (IMPRINT) | |
| Place of publication, distribution, etc | Greater Noida |
| Name of publisher, distributor, etc | Mc Graw Hill Education |
| Date of publication, distribution, etc | 2024 |
| 270 ## - ADDRESS | |
| Address | Plot No. 26E, sector31,(Industrial), Site-IV |
| City | Greater Noida |
| Postal code | 201306 |
| 300 ## - PHYSICAL DESCRIPTION | |
| Extent | 622P,: |
| Dimensions | 28cm(pbk) |
| 700 ## - ADDED ENTRY--PERSONAL NAME | |
| Personal name | Hillier, Mark S. |
| 9 (RLIN) | 58594 |
| 942 ## - ADDED ENTRY ELEMENTS (KOHA) | |
| Source of classification or shelving scheme | Dewey Decimal Classification |
| Item type | English Books |
| Call number suffix | HIL |
| Classification part | 658.4032 |
| Withdrawn status | Lost status | Not for loan | Collection code | Home library | Current library | Date acquired | Source of acquisition | Cost, normal purchase price | Full call number | Barcode | Copy number | Cost, replacement price | Koha item type |
|---|---|---|---|---|---|---|---|---|---|---|---|---|---|
| Non-fiction | Bawana | Bawana | 14/11/2023 | DBAD/PUB | 995.00 | 658.4032 HIL | EN-121901 | 1 | 995.00 | English Books |
